000 00277nam a22001337a 4500
003 SGT
020 _a978-93-83290-08-6
100 _aPATEL, N. M
245 _aPHARMACOGNOSY
250 _a1st
260 _aS, VIKASH
_bPUNJAB
_c2018
650 _aPHARMACOGNOSY
942 _2ddc
_cBK
999 _c24719
_d24719